000
00277nam a2200121Ia 4500
008
190216s9999||||xx |||||||||||||| ||und||
100
_a
Ananthakrishnan
245
2
_a
A Text Book Of Heat
260
_b
Viswanathan S.
_c
1987
300
_a
416p
650
_a
Physics
942
_c
BK
999
_c
33107
_d
33107